[Event "European Championship (rapid) 2015"]
[Site "Minsk BLR"]
[Date "2015.12.20"]
[Round "10"]
[White "Razin, Vadim"]
[Black "Short, Nigel D"]
[Result "0-1"]
[WhiteElo "2345"]
[BlackElo "2684"]
[PlyCount "104"]
[EventDate "2015.12.19"]

1. d4 e6 2. Nf3 Nf6 3. c4 a6 4. Nc3 d5 5. cxd5 exd5 6. g3 Be7 7. Bg2 O-O 8. O-O
c6 9. Bf4 Bf5 10. Qb3 Ra7 11. Rac1 Nbd7 12. Na4 Qa5 13. Nc5 Nxc5 14. dxc5 Nd7
15. Bd2 Qd8 16. Qa3 Be4 17. Nd4 Bxg2 18. Kxg2 Re8 19. Qa5 Qxa5 20. Bxa5 Raa8
21. Nb3 Bf6 22. Rc2 Re4 23. e3 Rae8 24. Bc3 Bxc3 25. Rxc3 Rb4 26. Rd1 Ree4 27.
Nd2 Re7 28. Nb3 Ree4 29. Nd2 Re7 30. Nb3 g6 31. Rd4 Re4 32. f3 Rexd4 33. exd4
a5 34. Nxa5 Rxb2+ 35. Kh3 Nf8 36. a3 Ne6 37. Rb3 Rf2 38. Rxb7 Nxd4 39. Rb4 Nxf3
40. g4 Ne5 41. a4 Ra2 42. Nb7 Kg7 43. a5 Ra3+ 44. Kg2 Nc4 45. Nd8 Rxa5 46. Rb7
Ne5 47. Re7 Kf6 48. Re8 Rxc5 49. g5+ Kf5 50. Nb7 Rc2+ 51. Kg3 Rc3+ 52. Kg2 Kf4
0-1

[Event "European Championship (rapid) 2015"]
[Site "Minsk BLR"]
[Date "2015.12.20"]
[Round "11"]
[White "Short, Nigel D"]
[Black "Melkumyan, Hrant"]
[Result "0-1"]
[WhiteElo "2684"]
[BlackElo "2654"]
[PlyCount "110"]
[EventDate "2015.12.19"]

1. e4 e5 2. Nf3 Nc6 3. Nc3 Nf6 4. h3 d5 5. exd5 Nxd5 6. Bb5 Nxc3 7. bxc3 Bd6 8.
O-O O-O 9. d4 exd4 10. cxd4 h6 11. c3 Qf6 12. Bd3 Bf5 13. Rb1 b6 14. Rb5 Bxd3
15. Qxd3 Rae8 16. Bd2 Qg6 17. Qxg6 fxg6 18. Rc1 g5 19. Kf1 Ne7 20. c4 Ng6 21.
Rb3 Bf4 22. Rd1 Re4 23. Bb4 Rf7 24. g3 Bd6 25. Re1 Rxe1+ 26. Bxe1 Ne7 27. Bd2
Nf5 28. Ke2 Re7+ 29. Kd3 c5 30. d5 Rf7 31. Ke2 Re7+ 32. Kd3 Rf7 33. Ke2 Bc7 34.
Bc3 Re7+ 35. Kd3 Bxg3 36. Nxg5 hxg5 37. fxg3 Re3+ 38. Kd2 Rxg3 39. Be5 Rg2+ 40.
Kd3 Rxa2 41. d6 Kf7 42. d7 Ke7 43. Ke4 Nd4 44. Bxd4 cxd4 45. Rg3 Ra5 46. h4
Kxd7 47. hxg5 g6 48. Rh3 Rxg5 49. Rh7+ Kc6 50. Rxa7 Kc5 51. Rc7+ Kb4 52. Kd3
Rc5 53. Rb7 Rc6 54. Kxd4 Rxc4+ 55. Kd5 b5 0-1

[Event "European Championship (rapid) 2015"]
[Site "Minsk BLR"]
[Date "2015.12.19"]
[Round "1"]
[White "Popov, Ivan RUS"]
[Black "Zakharova, Evgenia"]
[Result "1-0"]
[WhiteElo "2650"]
[BlackElo "1885"]
[PlyCount "71"]
[EventDate "2015.12.19"]

1. e4 c5 2. Nf3 e6 3. d4 cxd4 4. Nxd4 Nf6 5. Nc3 Nc6 6. Ndb5 Bb4 7. a3 Bxc3+ 8.
Nxc3 d5 9. exd5 exd5 10. Bd3 O-O 11. O-O d4 12. Ne2 Bg4 13. Bg5 Qd6 14. Qd2 Nd5
15. c4 Bxe2 16. Bxe2 Nf6 17. Bf4 Qd7 18. Bd3 Nh5 19. Bg5 Ne5 20. Be2 Nf6 21.
Bxf6 gxf6 22. f4 Nc6 23. Bd3 Kh8 24. Qf2 Qg4 25. h3 Qg7 26. Rae1 Rg8 27. Kh2 a5
28. Re2 Rad8 29. Rfe1 Qh6 30. Qf3 Qh4 31. g3 Qh6 32. h4 a4 33. Rg2 Na5 34. Re7
Qg7 35. Qh5 Rgf8 36. Qxa5 1-0

[Event "European Championship (rapid) 2015"]
[Site "Minsk BLR"]
[Date "2015.12.19"]
[Round "2"]
[White "Lupik, Marina"]
[Black "Popov, Ivan RUS"]
[Result "1/2-1/2"]
[WhiteElo "2190"]
[BlackElo "2650"]
[PlyCount "107"]
[EventDate "2015.12.19"]

1. e4 c5 2. c3 d6 3. d4 Nf6 4. Bd3 Qc7 5. Nf3 Bg4 6. Be3 Nc6 7. dxc5 dxc5 8.
Nbd2 e6 9. Qa4 Nd7 10. Bb5 Rc8 11. h3 Bh5 12. O-O a6 13. Bxc6 Qxc6 14. Qxc6
Rxc6 15. g4 Bg6 16. Nh4 Be7 17. Nxg6 hxg6 18. Kg2 g5 19. b3 Bf6 20. Rac1 Ne5
21. c4 Rd6 22. Rcd1 b6 23. f4 gxf4 24. Bxf4 g6 25. Bxe5 Bxe5 26. Nf3 Rxd1 27.
Rxd1 Bf4 28. h4 Ke7 29. e5 b5 30. Rd6 bxc4 31. bxc4 Rb8 32. Rxa6 Rb2+ 33. Kg1
Rc2 34. Ra7+ Kf8 35. Ra4 Be3+ 36. Kh1 Rf2 37. Ng5 Bxg5 38. hxg5 Rf4 39. Ra8+
Kg7 40. a4 Rxg4 41. a5 Rxc4 42. a6 Ra4 43. Kg2 c4 44. Kf3 c3 45. Ke2 Ra5 46.
Kd3 Rxe5 47. a7 Ra5 48. Kxc3 Ra1 49. Kd4 Ra5 50. Ke4 e5 51. Kd3 Ra4 52. Ke3 Kh7
53. Kf3 Kg7 54. Ke3 1/2-1/2

[Event "European Championship (rapid) 2015"]
[Site "Minsk BLR"]
[Date "2015.12.19"]
[Round "4"]
[White "Popov, Mikhail"]
[Black "Popov, Ivan RUS"]
[Result "0-1"]
[WhiteElo "2280"]
[BlackElo "2650"]
[PlyCount "94"]
[EventDate "2015.12.19"]

1. c4 Nf6 2. g3 g6 3. Bg2 Bg7 4. Nc3 c5 5. e4 Nc6 6. Nge2 O-O 7. O-O d6 8. d3
Rb8 9. a4 e6 10. h3 Nb4 11. Be3 b6 12. d4 Bb7 13. d5 exd5 14. exd5 Re8 15. Qd2
Bc8 16. g4 h5 17. g5 Nh7 18. Ng3 h4 19. Nge4 Bf5 20. Bf4 Bxc3 21. bxc3 Bxe4 22.
cxb4 Bxg2 23. Kxg2 Re4 24. Rac1 cxb4 25. Rfe1 Rxe1 26. Rxe1 a5 27. Re4 Qd7 28.
Qe3 Rc8 29. Qxb6 Qf5 30. Qe3 b3 31. Re8+ Rxe8 32. Qxe8+ Kg7 33. Bxd6 Qxg5+ 34.
Kh2 Qd2 35. Qe3 Qxe3 36. fxe3 Ng5 37. Kg2 Ne4 38. Be5+ Kf8 39. Bd4 Ke8 40. Kf3
Nd2+ 41. Ke2 Nxc4 42. Kd3 b2 43. Kc2 f5 44. Bxb2 Nxb2 45. Kxb2 g5 46. Kc2 g4
47. Kd2 gxh3 0-1

[Event "European Championship (rapid) 2015"]
[Site "Minsk BLR"]
[Date "2015.12.19"]
[Round "5"]
[White "Popov, Ivan RUS"]
[Black "Polivanov, Anatoliy"]
[Result "1-0"]
[WhiteElo "2650"]
[BlackElo "2426"]
[PlyCount "51"]
[EventDate "2015.12.19"]

1. e4 g6 2. d4 Bg7 3. Nf3 d6 4. Be2 a6 5. O-O e6 6. Bg5 Ne7 7. Qd2 h6 8. Be3 b6
9. c4 Bb7 10. Nc3 Nd7 11. Bd3 c5 12. d5 e5 13. Ne1 Nf6 14. h3 Nh5 15. Be2 Qd7
16. Nd3 O-O-O 17. b4 Nf4 18. bxc5 Nxe2+ 19. Qxe2 bxc5 20. Rab1 Qc7 21. Na4 Ba8
22. Nb6+ Kb7 23. Bxc5 dxc5 24. Nxc5+ Ka7 25. Qe3 Nc6 26. Ne6 1-0

[Event "European Championship (rapid) 2015"]
[Site "Minsk BLR"]
[Date "2015.12.19"]
[Round "6"]
[White "Pavlov, Sergey2"]
[Black "Popov, Ivan RUS"]
[Result "0-1"]
[WhiteElo "2454"]
[BlackElo "2650"]
[PlyCount "88"]
[EventDate "2015.12.19"]

1. c4 e5 2. Nc3 Nf6 3. Nf3 Nc6 4. g3 Bb4 5. Bg2 O-O 6. Nd5 Re8 7. O-O Nxd5 8.
cxd5 Nd4 9. Nxd4 exd4 10. e4 Bf8 11. d3 c5 12. a3 d6 13. f4 g6 14. b4 b6 15.
Bd2 Bg7 16. Rb1 Bd7 17. Qb3 Rb8 18. a4 Kh8 19. b5 Ra8 20. a5 a6 21. bxa6 b5 22.
e5 Rxa6 23. e6 fxe6 24. dxe6 Rxe6 25. Bb7 Rxa5 26. Bxa5 Qxa5 27. Ra1 Qd2 28.
Rf2 Qe3 29. Ra8+ Re8 30. Rxe8+ Qxe8 31. Kg2 Be6 32. Qa3 h5 33. Re2 Qf7 34. Bc6
Bd5+ 35. Bxd5 Qxd5+ 36. Kg1 c4 37. f5 gxf5 38. Qa7 Be5 39. Ra2 cxd3 40. Qb8+
Qg8 41. Qa7 f4 42. Ra6 d2 43. Ra1 fxg3 44. h3 Qf8 0-1

[Event "European Championship (rapid) 2015"]
[Site "Minsk BLR"]
[Date "2015.12.20"]
[Round "8"]
[White "Potapov, Pavel"]
[Black "Popov, Ivan RUS"]
[Result "0-1"]
[WhiteElo "2476"]
[BlackElo "2650"]
[PlyCount "44"]
[EventDate "2015.12.19"]

1. e4 g6 2. Nc3 Bg7 3. h4 h5 4. d4 d6 5. Nf3 Bg4 6. Be2 Nc6 7. Be3 Bxf3 8. Bxf3
e5 9. Ne2 exd4 10. Nxd4 Ne5 11. Be2 Nf6 12. f3 d5 13. Bf4 Qe7 14. exd5 O-O-O
15. c4 Nxc4 16. Bxc7 Kxc7 17. Rc1 Kb8 18. Rxc4 Nxd5 19. Qb3 Nb6 20. Nb5 Nxc4
21. Qxc4 Rhe8 22. O-O Qxe2 0-1

[Event "European Championship (rapid) 2015"]
[Site "Minsk BLR"]
[Date "2015.12.20"]
[Round "10"]
[White "Navara, David"]
[Black "Popov, Ivan RUS"]
[Result "0-1"]
[WhiteElo "2730"]
[BlackElo "2650"]
[PlyCount "70"]
[EventDate "2015.12.19"]

1. e4 c5 2. Nf3 d6 3. d4 cxd4 4. Nxd4 Nf6 5. Nc3 Nc6 6. Bg5 e6 7. Qd2 Be7 8.
O-O-O O-O 9. f4 h6 10. Bxf6 Bxf6 11. Nxc6 bxc6 12. Qxd6 Qb6 13. Qd3 Rb8 14. b3
Rd8 15. Qf3 Bd4 16. Bc4 Qb4 17. Rd3 c5 18. Rhd1 Qa3+ 19. Kd2 Ba6 20. Bxa6 Qxa6
21. Ke1 Bxc3+ 22. Rxc3 Rxd1+ 23. Qxd1 Rb4 24. Qd3 Qxa2 25. Rxc5 Qa1+ 26. Kf2
Rd4 27. Qe3 Qd1 28. Kg3 Rd2 29. Rc8+ Kh7 30. e5 Re2 31. Qd3+ Qxd3+ 32. cxd3
Re3+ 33. Kg4 Rxd3 34. h4 h5+ 35. Kxh5 Rg3 0-1

[Event "European Championship (rapid) 2015"]
[Site "Minsk BLR"]
[Date "2015.12.20"]
[Round "11"]
[White "Popov, Ivan RUS"]
[Black "Smirin, Ilia"]
[Result "1-0"]
[WhiteElo "2650"]
[BlackElo "2658"]
[PlyCount "73"]
[EventDate "2015.12.19"]

1. e4 c5 2. Nf3 e6 3. d4 cxd4 4. Nxd4 a6 5. c4 Nf6 6. Nc3 Qc7 7. Be2 Bb4 8. Qd3
Nc6 9. Nxc6 dxc6 10. a3 Be7 11. f4 e5 12. Qg3 g6 13. fxe5 Nd7 14. Bf4 g5 15.
Be3 Nxe5 16. Bd4 f6 17. Bh5+ Kf8 18. O-O Kg7 19. h4 Rg8 20. Bf7 Kxf7 21. Bxe5
Qb6+ 22. Kh1 Rg6 23. h5 Be6 24. c5 Qxc5 25. hxg6+ hxg6 26. Bxf6 Bxf6 27. Qc7+
Qe7 28. Rxf6+ Kxf6 29. Rf1+ Bf5 30. Qxe7+ Kxe7 31. exf5 Rf8 32. Re1+ Kf7 33.
fxg6+ Kxg6 34. Kg1 Rd8 35. Rd1 Rxd1+ 36. Nxd1 Kf5 37. Kf2 1-0

[Event "European Championship (rapid) 2015"]
[Site "Minsk BLR"]
[Date "2015.12.20"]
[Round "8"]
[White "Rozhko, Dmitry"]
[Black "Ponkratov, Pavel"]
[Result "0-1"]
[WhiteElo "2313"]
[BlackElo "2604"]
[PlyCount "66"]
[EventDate "2015.12.19"]

1. d4 Nf6 2. Nf3 e6 3. Bf4 c5 4. c3 Nc6 5. e3 Nh5 6. Bg5 Qb6 7. Qb3 h6 8. Bh4
g5 9. Bg3 Nxg3 10. hxg3 Bg7 11. Nbd2 d5 12. g4 Bd7 13. Be2 Rc8 14. Qxb6 axb6
15. Bb5 Ke7 16. a4 Ra8 17. Ke2 Bc8 18. Bxc6 bxc6 19. Ne5 Ba6+ 20. Kf3 Rhc8 21.
Kg3 f6 22. Nef3 Bd3 23. Rhc1 cxd4 24. cxd4 Kd7 25. a5 bxa5 26. Nb3 Bf8 27. Rxa5
Rxa5 28. Nxa5 Bd6+ 29. Kh3 h5 30. Ne1 hxg4+ 31. Kxg4 Be2+ 32. f3 Rh8 33. g3 Be7
0-1

[Event "European Championship (rapid) 2015"]
[Site "Minsk BLR"]
[Date "2015.12.20"]
[Round "9"]
[White "Ponkratov, Pavel"]
[Black "Zakhartsov, Vladimir"]
[Result "1-0"]
[WhiteElo "2604"]
[BlackElo "2462"]
[PlyCount "61"]
[EventDate "2015.12.19"]

1. d4 Nf6 2. c4 g6 3. Nc3 d5 4. cxd5 Nxd5 5. e4 Nxc3 6. bxc3 Bg7 7. Be3 c5 8.
Nf3 O-O 9. Be2 Qa5 10. O-O b6 11. Qb3 Ba6 12. Bxa6 Nxa6 13. Bd2 b5 14. Rab1
Rab8 15. c4 b4 16. d5 Nc7 17. e5 Na8 18. Bg5 Rfe8 19. Rfe1 Nb6 20. e6 fxe6 21.
Rxe6 Qa6 22. Nd2 Bc3 23. Rc1 Rb7 24. Qc2 Rd7 25. Rxg6+ Kh8 26. Rh6 e6 27. Rxe6
Rg8 28. Ne4 Qxc4 29. Bf6+ Bxf6 30. Qxc4 Nxc4 31. Nxf6 1-0

[Event "European Championship (rapid) 2015"]
[Site "Minsk BLR"]
[Date "2015.12.20"]
[Round "10"]
[White "Smirnov, Alexey"]
[Black "Ponkratov, Pavel"]
[Result "0-1"]
[WhiteElo "2455"]
[BlackElo "2604"]
[PlyCount "50"]
[EventDate "2015.12.19"]

1. d4 Nf6 2. c4 e6 3. Nc3 c5 4. d5 exd5 5. cxd5 g6 6. Nf3 d6 7. Nd2 Nbd7 8. e4
Bg7 9. Be2 O-O 10. O-O a6 11. a4 Re8 12. h3 Rb8 13. Qc2 Qe7 14. Ra3 g5 15. a5
Ne5 16. Na4 Ng6 17. Bf3 h5 18. Nb6 g4 19. Nxc8 Rbxc8 20. hxg4 hxg4 21. Bd1 c4
22. Nxc4 Qxe4 23. Qxe4 Nxe4 24. b3 g3 25. fxg3 Nxg3 0-1

[Event "European Championship (rapid) 2015"]
[Site "Minsk BLR"]
[Date "2015.12.20"]
[Round "11"]
[White "Ponkratov, Pavel"]
[Black "Matinian, Nikita"]
[Result "0-1"]
[WhiteElo "2604"]
[BlackElo "2470"]
[PlyCount "150"]
[EventDate "2015.12.19"]

1. d4 Nf6 2. c4 g6 3. Nc3 Bg7 4. g3 O-O 5. Bg2 d6 6. Nf3 Nc6 7. O-O a6 8. e3
Rb8 9. Qe2 e5 10. dxe5 Nxe5 11. Nxe5 dxe5 12. b3 Qe7 13. a4 Rd8 14. Ba3 Qe8 15.
h3 b6 16. a5 Bb7 17. axb6 cxb6 18. e4 Bf8 19. Nd5 Nxd5 20. cxd5 Bxa3 21. Rxa3
Qe7 22. Raa1 Rbc8 23. Qb2 Rc5 24. Rac1 Rdc8 25. Rxc5 Rxc5 26. f4 exf4 27. gxf4
f5 28. b4 Rb5 29. Qe5 Qxe5 30. fxe5 fxe4 31. e6 Bxd5 32. e7 Bf7 33. Rf6 Re5 34.
Bf1 e3 35. Be2 b5 36. Rxa6 Rxe7 37. Kf1 Re4 38. Bxb5 Rxb4 39. Bd3 Rb2 40. Ra4
Rf2+ 41. Ke1 Rd2 42. Ba6 Rh2 43. h4 Bd5 44. Rf4 Kg7 45. Bd3 h5 46. Bf1 Be6 47.
Re4 Bf5 48. Rxe3 Rxh4 49. Kf2 Rb4 50. Ra3 Kf6 51. Rc3 Rb2+ 52. Kg1 Kg5 53. Ra3
Rd2 54. Ra4 h4 55. Rb4 h3 56. Ba6 Bg4 57. Bb7 Bf5 58. Bc6 Kf6 59. Bf3 Ke5 60.
Kh1 g5 61. Ra4 Rf2 62. Bb7 g4 63. Ra3 Kf4 64. Ra4+ Kg5 65. Ra3 Kh4 66. Ra4 Rd2
67. Ba8 Be6 68. Bb7 Bd5+ 69. Bxd5 Rxd5 70. Ra1 Rd4 71. Rb1 g3 72. Ra1 Kg4 73.
Rb1 Rd3 74. Ra1 Rf3 75. Rb1 g2+ 0-1

[Event "European Championship (rapid) 2015"]
[Site "Minsk BLR"]
[Date "2015.12.20"]
[Round "8"]
[White "Riazantsev, Alexander"]
[Black "Kulaots, Kaido"]
[Result "1-0"]
[WhiteElo "2646"]
[BlackElo "2574"]
[PlyCount "51"]
[EventDate "2015.12.19"]

1. Nf3 d5 2. e3 g6 3. c4 e6 4. d4 Bg7 5. b4 Ne7 6. Nbd2 b6 7. b5 c5 8. bxc6
Nbxc6 9. Bb2 O-O 10. Be2 Bb7 11. O-O Rc8 12. Qa4 Na5 13. Rfc1 Ba6 14. Ba3 Re8
15. Bf1 dxc4 16. Nxc4 Bxc4 17. Bxc4 Nxc4 18. Rxc4 Rxc4 19. Qxc4 Qd7 20. Bxe7
Qxe7 21. Rc1 e5 22. d5 e4 23. Nd2 Qe5 24. g3 Rd8 25. Nxe4 Rxd5 26. Qxd5 1-0

[Event "European Championship (rapid) 2015"]
[Site "Minsk BLR"]
[Date "2015.12.20"]
[Round "9"]
[White "Zvjaginsev, Vadim"]
[Black "Riazantsev, Alexander"]
[Result "1/2-1/2"]
[WhiteElo "2662"]
[BlackElo "2646"]
[PlyCount "56"]
[EventDate "2015.12.19"]

1. e4 c6 2. Nc3 d5 3. Nf3 Nf6 4. e5 Ne4 5. Be2 Nxc3 6. bxc3 e6 7. d4 c5 8. dxc5
Bxc5 9. O-O Nc6 10. Bd3 Bd7 11. Qe2 h6 12. Rb1 Qc7 13. c4 dxc4 14. Bxc4 Ne7 15.
Nd2 O-O 16. Ne4 Ng6 17. Nxc5 Qxc5 18. Rxb7 Nxe5 19. Ba3 Qxa3 20. Qxe5 Rac8 21.
Bd3 Qe7 22. Rb3 Bc6 23. Ba6 Rcd8 24. Rg3 f6 25. Qh5 Kh8 26. Bd3 Qf7 27. Qc5 Bd5
28. a4 Rc8 1/2-1/2

[Event "European Championship (rapid) 2015"]
[Site "Minsk BLR"]
[Date "2015.12.20"]
[Round "10"]
[White "Riazantsev, Alexander"]
[Black "Chigaev, Maksim"]
[Result "1/2-1/2"]
[WhiteElo "2646"]
[BlackElo "2526"]
[PlyCount "88"]
[EventDate "2015.12.19"]

1. d4 Nf6 2. c4 g6 3. Nc3 Bg7 4. e4 d6 5. Be2 O-O 6. Be3 c6 7. Nf3 Nbd7 8. h3
e5 9. d5 Nc5 10. Nd2 a5 11. g4 Bd7 12. a3 a4 13. h4 Qa5 14. Kf1 Rfc8 15. h5
cxd5 16. cxd5 b5 17. g5 Ne8 18. hxg6 hxg6 19. Kg2 Rab8 20. Na2 f5 21. gxf6 Nxf6
22. Rh4 Kf7 23. Nb4 Rh8 24. Nc6 Qc7 25. Rxh8 Rxh8 26. Qc2 Bxc6 27. dxc6 Qxc6
28. Rh1 Rc8 29. b4 axb3 30. Nxb3 Qxe4+ 31. Qxe4 Ncxe4 32. Bxb5 d5 33. a4 d4 34.
Rc1 Rc3 35. Bc4+ Ke7 36. Rxc3 Nxc3 37. Bg5 Nxa4 38. f4 Kd6 39. Bf7 Ne4 40. Bxg6
Nxg5 41. fxg5 Bf8 42. Kf3 Be7 43. Nd2 Ke6 44. Ne4 Bxg5 1/2-1/2

[Event "European Championship (rapid) 2015"]
[Site "Minsk BLR"]
[Date "2015.12.20"]
[Round "11"]
[White "Pavlov, Sergey2"]
[Black "Riazantsev, Alexander"]
[Result "0-1"]
[WhiteElo "2454"]
[BlackElo "2646"]
[PlyCount "70"]
[EventDate "2015.12.19"]

1. c4 e6 2. g3 d5 3. Bg2 a6 4. Qa4+ c6 5. Nf3 b5 6. cxb5 cxb5 7. Qb3 Nf6 8. O-O
Bd6 9. d4 Nc6 10. Bf4 Bxf4 11. gxf4 h6 12. e3 Qd6 13. h3 Rg8 14. Rc1 g5 15.
fxg5 hxg5 16. Qc3 Bb7 17. Nbd2 Rc8 18. Nb3 Ne4 19. Qd3 g4 20. hxg4 Rxg4 21. Nc5
Ba8 22. Nxa6 Nxf2 23. Qc2 Nh3+ 24. Kf1 Qg3 25. Nb4 Ne7 26. Qe2 Rc4 27. Ne5 Rg5
28. Nf3 Nf5 29. Nd3 Nxe3+ 30. Qxe3 Qxg2+ 31. Ke1 Rg3 32. Nde5 Ng5 33. Qa3 Nxf3+
34. Nxf3 Rxf3 35. Qxa8+ Ke7 0-1

[Event "Qatar Masters Open 2015"]
[Site "Doha QAT"]
[Date "2015.12.20"]
[Round "1"]
[White "Carlsen, Magnus"]
[Black "Batsiashvili, Nino"]
[Result "1/2-1/2"]
[WhiteElo "2834"]
[BlackElo "2498"]
[PlyCount "114"]
[EventDate "2015.12.20"]

1. Nf3 d5 2. g3 Nf6 3. Bg2 c5 4. c4 d4 5. b4 cxb4 6. a3 b3 7. Qxb3 Nc6 8. O-O
e5 9. e3 Be7 10. exd4 exd4 11. Bb2 O-O 12. Re1 Re8 13. a4 Na5 14. Qd3 Be6 15.
Na3 Bxa3 16. Bxa3 Bxc4 17. Qxd4 Qxd4 18. Nxd4 Bd5 19. Rxe8+ Rxe8 20. Rc1 b6 21.
Bf1 Bb7 22. Nf5 Rd8 23. d4 Nd5 24. Bg2 g6 25. Nd6 Ba8 26. h4 h5 27. Re1 Bc6 28.
Re5 Nf6 29. Rxa5 Bxg2 30. Rxa7 Bd5 31. Ra6 Nd7 32. Nb5 Re8 33. Bb4 Re2 34. Ra7
Nf6 35. Kf1 Rb2 36. Bc3 Rc2 37. Rc7 Ng4 38. Ke1 Rxf2 39. Rc8+ Kh7 40. Rd8 Bf3
41. Re8 f6 42. Re7+ Kg8 43. Re8+ Kh7 44. Re7+ Kg8 45. Bd2 Rg2 46. Bf4 g5 47.
hxg5 fxg5 48. Bxg5 Rxg3 49. Nc3 Bc6 50. Kd2 Rg2+ 51. Re2 Nf2 52. d5 Bxd5 53.
Nxd5 Ne4+ 54. Ke3 Rxe2+ 55. Kxe2 Nxg5 56. Nxb6 Ne6 57. a5 Nc7 1/2-1/2

[Event "Qatar Masters Open 2015"]
[Site "Doha QAT"]
[Date "2015.12.20"]
[Round "1"]
[White "Khotenashvili, Bela"]
[Black "Kramnik, Vladimir"]
[Result "0-1"]
[WhiteElo "2496"]
[BlackElo "2796"]
[PlyCount "118"]
[EventDate "2015.12.20"]

1. d4 Nf6 2. c4 e6 3. Nf3 d5 4. g3 Bb4+ 5. Bd2 Bd6 6. Nc3 O-O 7. Bg2 c6 8. O-O
dxc4 9. e4 Be7 10. Qe2 b5 11. Rfd1 Bb7 12. Bg5 Nbd7 13. h4 h6 14. Bf4 Re8 15.
Bh3 b4 16. Na4 Qa5 17. b3 c5 18. Ne5 cxb3 19. axb3 cxd4 20. Nb2 d3 21. Nbxd3
Qb6 22. Nc4 Qb5 23. Bg2 a5 24. Bd6 e5 25. Qe3 Bd8 26. Ndb2 Nb6 27. Qc5 Qxc5 28.
Bxc5 Nxc4 29. Nxc4 Bxe4 30. Bxe4 Nxe4 31. Bxb4 Bxh4 32. Rxa5 Bf6 33. Re1 Rab8
34. Ra4 Ng5 35. Kg2 e4 36. Nd6 Re6 37. Nc4 Nf3 38. Rb1 Bd4 39. Bd6 Rb5 40. Ra8+
Kh7 41. Ra2 g5 42. g4 f5 43. gxf5 Nh4+ 44. Kg1 Nxf5 45. Bh2 e3 46. fxe3 Nxe3
47. Rd2 Bc5 48. Rd7+ Kg6 49. Ne5+ Kh5 50. Nd3 Bb6 51. Kh1 Ng4 52. b4 Re2 53.
Bg1 Bxg1 54. Kxg1 Kh4 55. Nc5 Ne5 56. Rd6 Kg3 57. Rxh6 Nf3+ 58. Kh1 Rxb4 59.
Rf1 Rh4+ 0-1

[Event "Qatar Masters Open 2015"]
[Site "Doha QAT"]
[Date "2015.12.20"]
[Round "1"]
[White "Giri, Anish"]
[Black "Sunilduth Lyna, Narayanan"]
[Result "1-0"]
[WhiteElo "2784"]
[BlackElo "2494"]
[PlyCount "59"]
[EventDate "2015.12.20"]

1. c4 Nf6 2. Nc3 e5 3. Nf3 Nc6 4. e3 Bb4 5. Qc2 O-O 6. Nd5 Re8 7. Qf5 d6 8.
Nxf6+ gxf6 9. Qc2 e4 10. Ng1 d5 11. a3 Bf8 12. cxd5 Qxd5 13. Ne2 Bf5 14. b4 a5
15. Nc3 Qe6 16. b5 Ne5 17. Nxe4 Nd7 18. d3 Bxe4 19. dxe4 Nc5 20. Bb2 Rad8 21.
Rc1 Nxe4 22. Bd3 Nxf2 23. Bxh7+ Kg7 24. O-O Nd3 25. Bxd3 Qxe3+ 26. Kh1 Rxd3 27.
Rxf6 Kg8 28. Rcf1 Qe2 29. Qc4 Rd7 30. Rg6+ 1-0

[Event "Qatar Masters Open 2015"]
[Site "Doha QAT"]
[Date "2015.12.20"]
[Round "1"]
[White "Goryachkina, Aleksandra"]
[Black "So, Wesley"]
[Result "0-1"]
[WhiteElo "2493"]
[BlackElo "2775"]
[PlyCount "122"]
[EventDate "2015.12.20"]

1. d4 Nf6 2. c4 e6 3. Nf3 b6 4. g3 Ba6 5. Qa4 Bb7 6. Bg2 c5 7. dxc5 bxc5 8. O-O
Be7 9. Rd1 O-O 10. Nc3 Qb6 11. Bf4 Rd8 12. Rd2 d6 13. Rad1 h6 14. Qb3 Ne8 15.
g4 Qxb3 16. axb3 Nc6 17. Ra1 Rab8 18. Bg3 a6 19. h3 Nb4 20. e3 g5 21. Ne1 Bxg2
22. Kxg2 Rb6 23. Na4 Rb7 24. Nc3 Nf6 25. Nf3 Kf8 26. Rad1 Rbd7 27. Kf1 Ke8 28.
Ke2 Nc6 29. Ra1 Nb4 30. Rad1 Nc6 31. Ra1 a5 32. Rdd1 Rb7 33. Nd2 d5 34. Nb5 Kf8
35. Bc7 Ra8 36. Ra4 Ne8 37. Bg3 Rd8 38. Nb1 d4 39. f3 Rdd7 40. Bf2 e5 41. Nd2
Nd6 42. Nxd6 Rxd6 43. Ne4 Rd8 44. Nd2 Kg7 45. Raa1 Kg6 46. Rh1 Bf6 47. e4 Rdb8
48. h4 d3+ 49. Kxd3 gxh4 50. Bxc5 Bg5 51. Bd6 Rd7 52. c5 Rb5 53. Kc4 Rb4+ 54.
Kc3 Rdb7 55. Ra4 Bxd2+ 56. Kxd2 Rxb3 57. Rxh4 Rxf3 58. Ra2 Rbb3 59. Bf8 Nb4 60.
Rxh6+ Kg5 61. Ra3 Rxb2+ 0-1

[Event "Qatar Masters Open 2015"]
[Site "Doha QAT"]
[Date "2015.12.20"]
[Round "1"]
[White "Karjakin, Sergey"]
[Black "Ezat, Mohamed"]
[Result "1-0"]
[WhiteElo "2766"]
[BlackElo "2490"]
[PlyCount "45"]
[EventDate "2015.12.20"]

1. e4 c5 2. Nf3 e6 3. d4 cxd4 4. Nxd4 Nc6 5. Nc3 Qc7 6. Be3 a6 7. Qf3 b5 8.
Nxc6 Qxc6 9. Bd3 Bb7 10. Qg3 Nf6 11. e5 Nd5 12. Nxd5 Qxd5 13. O-O h5 14. h4 Be7
15. Be2 b4 16. Rfd1 Qa5 17. Qxg7 O-O-O 18. Qxf7 Bxh4 19. Rd4 Rhf8 20. Qh7 Rg8
21. Bf1 Bg5 22. f4 Rh8 23. Rc4+ 1-0

[Event "Qatar Masters Open 2015"]
[Site "Doha QAT"]
[Date "2015.12.20"]
[Round "1"]
[White "Shoker, Samy"]
[Black "Li, Chao B"]
[Result "0-1"]
[WhiteElo "2489"]
[BlackElo "2750"]
[PlyCount "80"]
[EventDate "2015.12.20"]

1. Nf3 Nf6 2. g3 g6 3. Bg2 Bg7 4. O-O d5 5. d3 O-O 6. Nbd2 c5 7. e4 dxe4 8.
dxe4 Nc6 9. c3 Qb6 10. h3 Rd8 11. Re1 Be6 12. Qa4 h6 13. Nb3 Bd7 14. Qc4 Be6
15. Qa4 Bd7 16. Qc4 Na5 17. Nxa5 Bb5 18. Qb3 Qxa5 19. a4 Bd3 20. Ne5 c4 21.
Nxc4 Qc7 22. Na3 e5 23. Be3 Bxe4 24. f3 Bd5 25. c4 Be6 26. Kh2 b6 27. Nb5 Qxc4
28. Qxc4 Bxc4 29. Nxa7 Nd5 30. Nc6 Rdc8 31. Bxh6 Bxh6 32. Nxe5 Ne3 33. Bh1 Nc2
34. f4 Ra7 35. Nxc4 Nxe1 36. Ne3 Nc2 37. Rc1 Re7 38. Nd5 Re2+ 39. Kg1 Bg7 40.
Bf3 Ree8 0-1

[Event "Qatar Masters Open 2015"]
[Site "Doha QAT"]
[Date "2015.12.20"]
[Round "1"]
[White "Mamedyarov, Shakhriyar"]
[Black "Zhukova, Natalia"]
[Result "1-0"]
[WhiteElo "2748"]
[BlackElo "2488"]
[PlyCount "97"]
[EventDate "2015.12.20"]

1. e4 e5 2. Nf3 Nc6 3. Bb5 a6 4. Bxc6 dxc6 5. O-O Bg4 6. h3 Bxf3 7. Qxf3 Qd7 8.
d3 f6 9. Be3 h5 10. Rd1 c5 11. Nd2 g5 12. Qe2 O-O-O 13. Nb3 g4 14. h4 Qc6 15.
c3 Ne7 16. Rac1 Ng6 17. g3 Rh7 18. Na5 Qe6 19. b4 cxb4 20. cxb4 Rhd7 21. Rc4 f5
22. exf5 Qxf5 23. Qc2 Kb8 24. Rc1 Qxd3 25. Qxd3 Rxd3 26. Rxc7 R3d7 27. Bb6 Bxb4
28. Rxb7+ Rxb7 29. Nc6+ Ka8 30. Bxd8 Ba3 31. Rd1 Bc5 32. Rd5 Rb5 33. Kg2 Ba3
34. Rd7 Rb7 35. Rd3 Bf8 36. a4 Rb2 37. Rd5 e4 38. Bg5 Rc2 39. Nd4 Rc4 40. Ne6
Bb4 41. Be3 Bc3 42. Nc5 Kb8 43. Rxh5 Kc8 44. a5 Ne5 45. Rh8+ Kc7 46. Nxa6+ Kd6
47. Nc5 Nf3 48. Rd8+ Kc7 49. a6 1-0

[Event "Qatar Masters Open 2015"]
[Site "Doha QAT"]
[Date "2015.12.20"]
[Round "1"]
[White "Sanal, Vahap"]
[Black "Tomashevsky, Evgeny"]
[Result "0-1"]
[WhiteElo "2487"]
[BlackElo "2744"]
[PlyCount "128"]
[EventDate "2015.12.20"]

1. e4 c6 2. d4 d5 3. exd5 cxd5 4. c4 Nf6 5. Nc3 g6 6. Qb3 Bg7 7. cxd5 O-O 8.
Be2 Nbd7 9. Bf3 Nb6 10. Nge2 Bg4 11. Bxg4 Nxg4 12. a4 Nf6 13. a5 Nbxd5 14. Qxb7
Qd6 15. Qb3 Rab8 16. Qd1 Rfc8 17. O-O Qa6 18. Re1 e6 19. Qc2 Nb4 20. Qb1 Nd3
21. Rd1 Nxc1 22. Rxc1 Bh6 23. Rc2 Qd3 24. Qd1 Qxd1+ 25. Rxd1 Rc4 26. Ng3 Rd8
27. Nf1 Nd5 28. g3 Nb4 29. Re2 Rcxd4 30. Rxd4 Rxd4 31. Re5 Bf8 32. Rb5 Nd3 33.
Ne3 Rb4 34. b3 Nc1 35. Rxb4 Bxb4 36. Nb5 Bxa5 37. Nxa7 Bb6 38. Nc6 Bxe3 39.
fxe3 Nxb3 40. Kf2 Nc5 41. Kf3 f6 42. g4 Kf7 43. h4 e5 44. e4 Ke6 45. Ke3 Kd7
46. Nb4 Kd6 47. Kf3 Nb3 48. Ke3 Nd4 49. Nd5 f5 50. gxf5 Nxf5+ 51. Kf2 Ne7 52.
Nf6 h6 53. Ng4 Ng8 54. Ke3 Ke6 55. Kf3 h5 56. Nh2 Nh6 57. Ke3 Kf6 58. Nf3 Nf7
59. Nh2 g5 60. hxg5+ Kxg5 61. Kf3 Kh4 62. Kf2 Kh3 63. Nf1 Ng5 64. Ng3 Kg4 0-1